Dialog s počítačem

Gespeichert in:
Bibliographische Detailangaben
1. Verfasser: Beck, Jiří
Weitere Verfasser: Vejmola, Stanislav
Format: Buch
Sprache:Tschechisch
Veröffentlicht: Praha Státní pedagogické nakladatelství 1989
Ausgabe:1. vyd.
Schlagworte:
Tags: Tag hinzufügen
Keine Tags, Fügen Sie das erste Tag hinzu!

MARC

LEADER 00000nam a2200000 4500
001 c002305
005 20221215115851.5
020 |a 80-04-23749-5 
041 0 |a cze 
044 |a CZ 
245 1 0 |a Dialog s počítačem  |c Jiří Beck, Stanislav Vejmola 
250 |a 1. vyd. 
264 1 |a Praha  |b Státní pedagogické nakladatelství  |c 1989 
300 |a 110 s. 
610 2 0 |a využitie počítačov 
610 2 0 |a programy počítačové 
610 2 0 |a systémy dialógové 
610 2 0 |a spracovanie dát 
610 2 0 |a programovanie 
610 2 0 |a softvér 
610 2 0 |a testy 
100 1 |a Beck, Jiří 
700 1 |a Vejmola, Stanislav